Statistics for Osso etmoide

Click here to take the quiz!

General Stats

  • This quiz has been taken 18 times
  • The average score is 8 of 11

Answer Stats

HintAnswer% Correct
6Concha nasal
100%
2Concha nasal média
82%
1Concha nasal superior
82%
4Meato nasal médio
82%
3Meato nasal superior
82%
11Processo uncinado
82%
8Bolha etmoidal
73%
5Concha nasal suprema
73%
9Sulco retro-bular
64%
10Sulco unci-bular
55%
7Recesso esfeno-etmoidal
9%

Score Distribution

Percentile by Number Answered

Percent of People with Each Score

Your Score History

You have not taken this quiz